书目信息 |
| 题名: |
十二味生活设计
|
|
| 作者: | 林怡芬 著 | |
| 分册: | ||
| 出版信息: | 北京 文化艺术出版社 2010 |
|
| 页数: | 155页 | |
| 开本: | 23cm | |
| 丛书名: | Fresh书系 | |
| 单 册: | ||
| 中图分类: | TB47 | |
| 科图分类: | ||
| 主题词: | 设计学 | |
| 电子资源: | ||
| ISBN: | 978-7-5039-4298-3 | |
| 000 | 00866oam2 2200277 45 | |
| 001 | 1129260874 | |
| 005 | 20110420091126.14 | |
| 010 | @a978-7-5039-4298-3@dCNY36.00 | |
| 100 | @a20110418d2010 em y0chiy0110 ea | |
| 101 | 0 | @achi |
| 102 | @aCN@b110000 | |
| 105 | @aa z 000yy | |
| 106 | @ar | |
| 200 | 1 | @a十二味生活设计@AShi Er Wei Sheng Huo She Ji@f林怡芬著@FLin Yi Fen Zhu |
| 210 | @a北京@c文化艺术出版社@d2010 | |
| 215 | @a155页@c彩照@d23cm | |
| 225 | 2 | @aFresh书系 |
| 312 | @a封面副题名:遇见日本创作大师 | |
| 330 | @a本书介绍了大桥步、TRUCK、冈尾美代子、皆川明、seki yurio12位设计大师的衣食住行。 | |
| 461 | 0 | @12001 @aFresh书系 |
| 517 | 1 | @a遇见日本创作大师@AYu Jian Ri Ben Chuang Zuo Da Shi |
| 606 | 0 | @a设计学 |
| 690 | @aTB47@v4 | |
| 701 | 0 | @a林怡芬@ALin Yi Fen@4著 |
| 801 | 0 | @aCN@bTANGWEI@c20110420 |
| 905 | @b0537802-06@dTB47@e217@f5 | |
| 十二味生活设计/林怡芬著.-北京:文化艺术出版社,2010 |
| 155页:彩照;23cm.-(Fresh书系) |
| ISBN 978-7-5039-4298-3:CNY36.00 |
| 本书介绍了大桥步、TRUCK、冈尾美代子、皆川明、seki yurio12位设计大师的衣食住行。 |
| ● |
| 相关链接 |
|
|
|
|
正题名:十二味生活设计
索取号:TB47/217
 
预约/预借
| 序号 | 登录号 | 条形码 | 馆藏地/架位号 | 状态 | 备注 |
| 1 | 0537802 | 205378027 | 第二样本阅览室/ [索取号:TB47/217] | 在馆 | |
| 2 | 0537803 | 205378036 | 第三借阅区/ [索取号:TB47/217] | 在馆 | |
| 3 | 0537804 | 205378045 | 第三借阅区/ [索取号:TB47/217] | 在馆 | |
| 4 | 0537805 | 205378054 | 第三借阅区/ [索取号:TB47/217] | 在馆 | |
| 5 | 0537806 | 205378063 | 第三借阅区/ [索取号:TB47/217] | 在馆 |